ბათუმის შოთა რუსთაველის სახელმწიფო უნივერსიტეტის ბიბლიოთეკა

Ⴇვენი. [ტ.] 12, 21 აპრილი - 30 აპრილი (ახალი სტილით 4 მაისი - 13 მაისი) / (ბიბ.ჩანაწერი № 53479)

000 -ლიდერი
ფიქსირებული სიგრძის საკონტროლო ველი 01207nam a2200241Ia 4500
001 - საკონტროლო ნომერი
საკონტროლო ველი 20525
003 - საკონტროლო ნომრის იდენტიფიკატორი
საკონტროლო ველი GE_BSU
005 - ბოლო ოპერაციის თარიღი და დრო
საკონტროლო ველი 20250718164929.0
008 - ფიქსირებული სიგრძის მონაცემთა ელემენტები - ზოგადი ინფორმაცია
ფიქსირებული სიგრძის საკონტროლო ველი 181216s2017||||ge |||||||||||||| ||geo||
040 ## - კატალოგიზაციის წყარო
Transcribing agency GE_BSU
041 ## - ენის კოდი
Language code of text/sound track or separate title geo
080 ## - უნივერსალური ათობითი კლასიფიკაციის ინდექსი
Universal Decimal Classification number 27-36 თ-54
245 ## - ცნობა სათაურის შესახებ
Title Ⴇვენი. [ტ.] 12, 21 აპრილი - 30 აპრილი (ახალი სტილით 4 მაისი - 13 მაისი) /
Statement of responsibility, etc პროექტის ავტორი და რედაქტორი თამარ მამაცაშვილი ; შემდგენელი სოფიო თავაძე ; დიზაინერი რატი თორდია.
264 ## - წარმოების, გამოცემის, დისტრიბუციის და სხვა ცნობები
გამოცემის, წარმოების, დისტრიბუციის... ადგილი თბილისი :
გამოცემის, წარმოების, დისტრიბუციის... სახელწოდება პალიტრა L,
გამოცემის, წარმოების, დისტრიბუციის... თარიღი 2017.
300 ## - ფიზიკური აღწერა
Extent 344 გვ. ;
Dimensions 22 სმ.
490 ## - სერიის ცნობა
Series statement ჟურნალ "კარიბჭის" ბიბლიოთეკა
653 ## - INDEX TERM--UNCONTROLLED
Uncontrolled term თვენი. 21 აპრილი -30 აპრილი. 12
653 ## - INDEX TERM--UNCONTROLLED
Uncontrolled term რელიგია
653 ## - INDEX TERM--UNCONTROLLED
Uncontrolled term მართლმადიდებლური ეკლესია
653 ## - INDEX TERM--UNCONTROLLED
Uncontrolled term წმინდანთა ცხოვრება
942 ## - ADDED ENTRY ELEMENTS (KOHA)
Koha item type წიგნი
Source of classification or shelving scheme
ეგზემპლარები
ჩამოწერის სტატუსი დაკარგული ეგზემპლარის სტატუსი კლასიფიკაციის წყარო ან თაროზე გაწყობის სქემა დაზიანების სტატუსი არ გაიცემა მუდმივი მდებარეობა (დაცვის ადგილი) ამჟამინდელი ადგილსამყოფელი თაროზე განთავსების ადგილი შეძენის თარიღი ღირებულება, შესყიდვის ნორმალური ფასი სრული შენახვის შიფრი შტრიხკოდი ბოლო ოპერაციის თარიღი ეგზემპლარის მიმდევრობითი ნომერი (კეტერი?) ფასის ძალაში შესვლის თარიღი ეგზემპლარის სახეობა საჯარო შენიშვნა
          ბათუმის შოთა რუსთაველის სახელმწიფო უნივერსიტეტის მთავარი ბიბლიოთეკა ბათუმის შოთა რუსთაველის სახელმწიფო უნივერსიტეტის მთავარი ბიბლიოთეკა წიგნსაცავი 2018-12-17 6.00 27-36 თ-54 27961 2018-12-17 27961 2018-12-17 წიგნი 6.00 ₾.